Sports Quiz

Random Sports or Baseball Quiz

MLB 40 HR Seasons (2000s) Quiz Stats

 Plays Quiz Updated Jul 6, 2018

Challenge
Share
Tweet
Embed
Score 0/87 Timer 05:00
1 Play Today
Year Player % Correct
2009Albert Pujols
97.2%
2006Albert Pujols
97.2%
2005Albert Pujols
97.2%
2004Albert Pujols
97.2%
2003Albert Pujols
97.2%
2007Alex Rodriguez
96.5%
2005Alex Rodriguez
96.5%
2003Alex Rodriguez
96.5%
2002Alex Rodriguez
96.5%
2001Alex Rodriguez
96.5%
2000Alex Rodriguez
96.5%
2009Ryan Howard
96.1%
2008Ryan Howard
96.1%
2007Ryan Howard
96.1%
2006Ryan Howard
96.1%
2009Prince Fielder
94.7%
2007Prince Fielder
94.7%
2004Barry Bonds
94.5%
2003Barry Bonds
94.5%
2002Barry Bonds
94.5%
2001Barry Bonds
94.5%
2000Barry Bonds
94.5%
2006David Ortiz
94%
2005David Ortiz
94%
2004David Ortiz
94%
2005Manny Ramirez
90.5%
2004Manny Ramirez
90.5%
2001Manny Ramirez
90.5%
2003Sammy Sosa
90.2%
Year Player % Correct
2002Sammy Sosa
90.2%
2001Sammy Sosa
90.2%
2000Sammy Sosa
90.2%
2009Adrian Gonzalez
87.2%
2001Luis Gonzalez
86.7%
2006Andruw Jones
86.6%
2005Andruw Jones
86.6%
2008Adam Dunn
84.8%
2007Adam Dunn
84.8%
2006Adam Dunn
84.8%
2005Adam Dunn
84.8%
2004Adam Dunn
84.8%
2006Jim Thome
81.8%
2004Jim Thome
81.8%
2003Jim Thome
81.8%
2002Jim Thome
81.8%
2001Jim Thome
81.8%
2006Lance Berkman
77.2%
2002Lance Berkman
77.2%
2005Derrek Lee
74.3%
2000Jeff Bagwell
71.2%
2007Carlos Pena
71.1%
2001Todd Helton
69.3%
2000Todd Helton
69.3%
2005 Paul Konerko
68.4%
2004Paul Konerko
68.4%
2000Vladimir Guerrero
67.4%
2006Carlos Beltran
67.1%
2006Alfonso Soriano
66%
Year Player % Correct
2003Frank Thomas
64.9%
2000Frank Thomas
64.9%
2003Jason Giambi
63.9%
2002Jason Giambi
63.9%
2000Jason Giambi
63.9%
2003Carlos Delgado
62.8%
2000Carlos Delgado
62.8%
2000Ken Griffey Jr.
62.7%
2009Mark Reynolds
62.6%
2006Travis Hafner
55.5%
2006Jermaine Dye
54.9%
2004Adrian Beltre
51.7%
2004Jim Edmonds
45.7%
2000Jim Edmonds
45.7%
2005Mark Teixeira
43.7%
2002Shawn Green
40.1%
2001Shawn Green
40.1%
2001Troy Glaus
39.2%
2000Troy Glaus
39.2%
2002Rafael Palmeiro
38.9%
2001Rafael Palmeiro
38.9%
2003Richie Sexson
32.7%
2001Richie Sexson
32.7%
2000Gary Sheffield
31.9%
2000David Justice
26.5%
2003Javy Lopez
26.1%
2000Richard Hidalgo
18.8%
2001Phil Nevin
15%
2000Tony Batista
12.2%

You're not logged in!

Compare scores with friends on all Sporcle quizzes.
OR
Log In

You Might Also Like...

Show Comments

Extras

Top Quizzes Today


Score Distribution

Your Account Isn't Verified!

In order to create a playlist on Sporcle, you need to verify the email address you used during registration. Go to your Sporcle Settings to finish the process.

Report this User

Report this user for behavior that violates our Community Guidelines.

Details: